000 00559nam a22001937a 4500
005 20251108173707.0
008 250721s2004 xx 000 0 ara d
082 1 4 _a414/سلط
100 1 _aسلطاني، محمد علي
245 1 0 _aالمختار من علوم البلاغة و العروض /
264 1 _aدمشق :
_bدار العصماء،
_c2004.
300 _a285ص.
650 1 7 _aاللغه العربيه
650 1 7 _aالبلاغه
650 1 7 _aالبيان
650 1 7 _aعلم العروض
942 _2ddc
_cBK
999 _c110142
_d110142